| 000 | 00816cam a2200265 a 4500 | ||
|---|---|---|---|
| 001 | 5626 | ||
| 003 | BD-RjUL | ||
| 005 | 20211208234111.0 | ||
| 008 | 140106t1978 ii l 001 0 eng | ||
| 035 | _a(BD-RjUL)5665 | ||
| 040 |
_aDLC _cDLC _dDLC _dBD-RjUL _beng |
||
| 041 | _aeng | ||
| 082 | 0 | 0 |
_a345.5405 _221 _bBIB 1978 |
| 100 | 1 |
_aBisswas, A.R. _917655 |
|
| 245 | 1 | 0 |
_aB.B. Mitra on the Code of Criminal Procedure, (1973, Act 2 of 1974) / _cA.R. Biswas. |
| 250 | _a15th ed. / | ||
| 260 |
_aCalcutta : _bEastern Law House, _c1978. |
||
| 300 |
_aV-1 (18, 1181p.) ; _c25 cm. |
||
| 504 | _aIncludes index. | ||
| 505 | _aVol. 2 Secs. 225 to 484 | ||
| 650 | 0 |
_aCriminal procedure _zIndia. _917656 |
|
| 710 | 1 | 2 |
_tCode of Criminal Procedure, 1973. _f1978. _917657 |
| 942 |
_2ddc _cBK |
||
| 999 |
_c5626 _d5626 |
||